[Event "4NCL Division 4 South"]
[Site "Reading, ENG"]
[Date "2018.01.14"]
[Round "4.11"]
[White "Sagues, Vincent"]
[Black "Ogunshola, Ben"]
[Result "1/2-1/2"]
[WhiteElo "1899"]
[BlackElo "2143"]
[PlyCount "52"]
[EventDate "2018.01.14"]

1. e4 c5 2. Nf3 d6 3. d4 cxd4 4. Nxd4 Nf6 5. f3 e5 6. Nb3 d5 7. Bg5 Be6 8. Bxf6
gxf6 9. exd5 Qxd5 10. Qxd5 Bxd5 11. Nc3 Bc6 12. O-O-O Be7 13. Nb5 Bxb5 14.
Bxb5+ Kf8 15. g4 a6 16. Bd3 b6 17. Be4 Ra7 18. h3 Rc7 19. Rd3 Kg7 20. Rhd1 h5
21. Kb1 Kf8 22. Nc1 hxg4 23. hxg4 Ke8 24. Bf5 Rh2 25. R1d2 Rh1 26. Rd1 Rh2
1/2-1/2

[Event "4NCL Division 4 South"]
[Site "Reading, ENG"]
[Date "2018.01.14"]
[Round "4.12"]
[White "Froom, Oliver"]
[Black "Kenning, Paul H"]
[Result "1-0"]
[WhiteElo "1965"]
[BlackElo "1855"]
[PlyCount "112"]
[EventDate "2018.01.14"]

1. e4 d6 2. d4 Nf6 3. Nc3 Nbd7 4. Nf3 e5 5. Bc4 Be7 6. O-O c6 7. a4 a5 8. Qe2
Qc7 9. Ba2 h6 10. Rd1 Nf8 11. Qc4 Ne6 12. d5 cxd5 13. exd5 Qxc4 14. Bxc4 Nc7
15. Nxe5 dxe5 16. d6 Bxd6 17. Rxd6 O-O 18. Rb6 Nd7 19. Rg6 Kh7 20. Rd6 Nc5 21.
Be3 N7a6 22. Rad1 Be6 23. Bxe6 Nxe6 24. R1d5 Nb4 25. Rxe5 Nxc2 26. Bb6 Nb4 27.
Rxa5 Rxa5 28. Bxa5 Nc6 29. Bb6 Ne5 30. Rd5 Nc4 31. Rb5 Rc8 32. g3 Nxb2 33. Rxb2
Rxc3 34. Rd2 Rc4 35. a5 Nc5 36. Rd5 Na4 37. Rd7 Nxb6 38. axb6 Rc6 39. Rxb7 Kg6
40. Rb8 Re6 41. Kg2 Kf6 42. Kf3 h5 43. h3 Kg6 44. b7 Re7 45. Kf4 Kf6 46. h4 Kg6
47. f3 Kf6 48. g4 Kg6 49. g5 Rc7 50. Ke5 Rd7 51. f4 f5 52. gxf6 gxf6+ 53. Ke6
Rg7 54. f5+ Kh7 55. Kxf6 Rxb7 56. Rxb7+ Kh6 1-0

[Event "4NCL Division 4 South"]
[Site "Reading, ENG"]
[Date "2018.01.14"]
[Round "4.13"]
[White "Donaghay, Richard H"]
[Black "Green, George D A"]
[Result "1-0"]
[WhiteElo "1842"]
[BlackElo "1862"]
[PlyCount "85"]
[EventDate "2018.01.14"]

1. e4 d6 2. d4 Nf6 3. Nc3 g6 4. f3 c6 5. Be3 Nbd7 6. h4 b5 7. Bd3 Nb6 8. Qd2 h5
9. Nh3 Bd7 10. Nf4 Bg7 11. b3 Qc7 12. Kf2 b4 13. Nce2 c5 14. dxc5 dxc5 15. Rad1
Rd8 16. c4 bxc3 17. Nxc3 O-O 18. Qe2 Qc8 19. Ba6 Qc7 20. Qc2 Bh6 21. Nfd5 Bxe3+
22. Nxe3 e6 23. Ne2 Bc8 24. Bd3 Bb7 25. Rd2 Nfd7 26. Rhd1 Qh2 27. Bb5 Qxh4+ 28.
Kg1 Qe7 29. Rd6 a6 30. Bxd7 Nxd7 31. Qd2 Bc8 32. Nc4 Rde8 33. Rxd7 Bxd7 34.
Qxd7 Qh4 35. Qc7 Rc8 36. Qg3 Qxg3 37. Nxg3 Rfd8 38. Re1 f6 39. Kf2 a5 40. Ne2
Ra8 41. Nc3 Kf7 42. Na4 Rdc8 43. Nd6+ 1-0

[Event "4NCL Division 4 South"]
[Site "Reading, ENG"]
[Date "2018.01.14"]
[Round "4.14"]
[White "Olufemi, George"]
[Black "Jones, Robert L"]
[Result "1/2-1/2"]
[WhiteElo "1844"]
[BlackElo "1817"]
[PlyCount "114"]
[EventDate "2018.01.14"]

1. e4 e6 2. d3 d5 3. Nd2 Nf6 4. Ngf3 c5 5. g3 Nc6 6. Bg2 Be7 7. O-O O-O 8. Re1
a5 9. a4 Qb6 10. e5 Nd7 11. c4 d4 12. Bh3 Qc7 13. Qe2 b6 14. Nf1 Bb7 15. Bg2
Nb4 16. Bf4 Qd8 17. h4 Ra7 18. N1h2 Bc8 19. Rad1 Kh8 20. Ng5 Bxg5 21. hxg5 Rg8
22. Qh5 Qe8 23. Qh3 Bb7 24. Ng4 Nf8 25. b3 Qe7 26. Be4 Bxe4 27. Rxe4 Nc6 28.
Kg2 Nb8 29. Rh1 Nbd7 30. f3 Rb7 31. Bd2 Ra7 32. Nf2 f5 33. g6 fxe4 34. gxh7 e3
35. Ne4 Nxe5 36. hxg8=Q+ Kxg8 37. Qh8+ Kf7 38. Qh5+ Neg6 39. Be1 Ke8 40. Rh4
Kd8 41. Rg4 Qf7 42. Rg5 Rd7 43. f4 Ke8 44. Kg1 Ne7 45. Qf3 Nh7 46. Rh5 g6 47.
Re5 Nc8 48. Bxa5 bxa5 49. Nxc5 Nf8 50. Qa8 Rc7 51. Qxa5 Qe7 52. Qb5+ Kf7 53. b4
Nd6 54. Qb8 Nf5 55. Kg2 Ra7 56. a5 Qc7 57. Qb5 Nd6 1/2-1/2

[Event "4NCL Division 4 South"]
[Site "Reading, ENG"]
[Date "2018.01.14"]
[Round "4.15"]
[White "Collins, Jonathan"]
[Black "Sloan, Hamish"]
[Result "1-0"]
[WhiteElo "1807"]
[BlackElo "1551"]
[PlyCount "67"]
[EventDate "2018.01.14"]

1. e4 c5 2. Ne2 e5 3. g3 Nf6 4. Bg2 Nc6 5. c3 d5 6. exd5 Nxd5 7. O-O Be7 8. d4
exd4 9. cxd4 c4 10. b3 Na5 11. bxc4 Nf6 12. Ba3 O-O 13. Qd3 Bxa3 14. Nxa3 Rb8
15. Rfe1 b6 16. Rab1 Bb7 17. d5 Ba8 18. Nd4 Re8 19. Nf5 g6 20. Rxe8+ Qxe8 21.
Qc3 Qd8 22. Nh6+ Kg7 23. Ng4 h5 24. Ne5 Kg8 25. Re1 Qd6 26. Nb5 Qc5 27. Nxg6
fxg6 28. Qxf6 Qf8 29. Qxg6+ Qg7 30. Re8+ Rxe8 31. Qxe8+ Qf8 32. Qxf8+ Kxf8 33.
Bf1 Nb7 34. Nc7 1-0

[Event "4NCL Division 4 South"]
[Site "Reading, ENG"]
[Date "2018.01.14"]
[Round "4.16"]
[White "Fernando, Manel"]
[Black "Lovell, Steve"]
[Result "0-1"]
[WhiteElo "1536"]
[BlackElo "1794"]
[PlyCount "100"]
[EventDate "2018.01.14"]

1. d4 Nf6 2. Bf4 e6 3. Nf3 c5 4. e3 Nc6 5. Nbd2 cxd4 6. exd4 d5 7. c3 Be7 8.
Bd3 Nh5 9. Bg3 Bd7 10. Qe2 Nxg3 11. hxg3 g6 12. Ne5 Nxe5 13. dxe5 Qb6 14. Nf3
Qc5 15. Nd4 a6 16. Rc1 Rc8 17. Qg4 b5 18. Nf3 Qc7 19. O-O h5 20. Qf4 Qd8 21.
Qd2 g5 22. Nd4 g4 23. f4 h4 24. Qf2 b4 25. Be2 bxc3 26. bxc3 Ba3 27. Bxg4 Bxc1
28. Rxc1 hxg3 29. Qxg3 Qh4 30. Qh3 Qxh3 31. gxh3 Ke7 32. Kf2 Rc7 33. f5 exf5
34. Nxf5+ Bxf5 35. Bxf5 Rh5 36. Bg4 Rxe5 37. Rc2 f5 38. Be2 a5 39. a4 Kf6 40.
Kf3 f4 41. Kxf4 Re4+ 42. Kg3 Re3+ 43. Kg4 Rg7+ 44. Kf4 Rxh3 45. Bb5 Rc7 46. Kg4
Rcxc3 47. Rf2+ Ke7 48. Re2+ Rhe3 49. Rf2 Ke6 50. Rf1 Re4+ 0-1

[Event "4NCL Division 4 South"]
[Site "Reading, ENG"]
[Date "2018.01.14"]
[Round "4.21"]
[White "Mashayekh, Majid"]
[Black "Norman, Kenneth I"]
[Result "0-1"]
[WhiteElo "1908"]
[BlackElo "2120"]
[PlyCount "38"]
[EventDate "2018.01.14"]

1. d4 Nf6 2. Nf3 g6 3. g3 Bg7 4. Bg2 O-O 5. O-O d5 6. c4 dxc4 7. Ne5 c5 8. dxc5
Qc7 9. Nxc4 Qxc5 10. Nba3 Nc6 11. Be3 Qh5 12. f3 Be6 13. Qc1 Rac8 14. Qe1 Bxc4
15. Nxc4 Qb5 16. Rc1 Nd5 17. Bd2 Ncb4 18. a4 Qxa4 19. e3 Nd3 0-1

[Event "4NCL Division 4 South"]
[Site "Reading, ENG"]
[Date "2018.01.14"]
[Round "4.22"]
[White "Crombleholme, Alan K"]
[Black "Cooke, Charlie"]
[Result "1-0"]
[WhiteElo "1994"]
[BlackElo "1799"]
[PlyCount "107"]
[EventDate "2018.01.14"]

1. d4 d5 2. Nf3 Nf6 3. c4 e6 4. Nc3 Be7 5. Bg5 O-O 6. e3 b6 7. cxd5 Nxd5 8.
Bxe7 Qxe7 9. Rc1 c6 10. Be2 Nd7 11. O-O Bb7 12. Nxd5 exd5 13. Qa4 b5 14. Qa5
Rfc8 15. Rc2 Nb6 16. b3 Nd7 17. Rfc1 a6 18. Ne1 f5 19. Nd3 Qd8 20. Qxd8+ Rxd8
21. Nb4 Nb8 22. Bf3 a5 23. Nd3 Kf7 24. Ne5+ Ke7 25. g4 g6 26. g5 Ra7 27. Kg2
Ba8 28. Kg3 Rc7 29. Be2 Ra7 30. h4 Rd6 31. Kf4 a4 32. bxa4 Rxa4 33. h5 Ra6 34.
hxg6 hxg6 35. Rh1 Nd7 36. Rh7+ Ke8 37. Rg7 Nf8 38. Rg8 Ke7 39. Bxb5 Ne6+ 40.
Kg3 cxb5 41. Rcc8 Rd8 42. Nxg6+ Kf7 43. Rgxd8 Nxd8 44. Ne5+ Ke7 45. Rc7+ Ke8
46. g6 Ne6 47. g7 Nxg7 48. Rxg7 Rxa2 49. Rg8+ Ke7 50. Rb8 Ra5 51. Kf4 Ra6 52.
Rxb5 Rf6 53. Ra5 Bc6 54. Nxc6+ 1-0

[Event "4NCL Division 4 South"]
[Site "Reading, ENG"]
[Date "2018.01.14"]
[Round "4.23"]
[White "Homolka, Vincent"]
[Black "Reynolds, D Ian W"]
[Result "1/2-1/2"]
[WhiteElo "1791"]
[BlackElo "2013"]
[PlyCount "59"]
[EventDate "2018.01.14"]

1. e4 e5 2. Bc4 Nf6 3. d3 c6 4. Nf3 d5 5. Bb3 a5 6. a3 a4 7. Ba2 dxe4 8. Ng5
Bg4 9. Bxf7+ Ke7 10. Qd2 Qa5 11. Bc4 exd3 12. Bxd3 h6 13. Ne4 Nxe4 14. Bxe4
Qxd2+ 15. Bxd2 Nd7 16. f3 Be6 17. Nc3 Kf7 18. O-O-O Be7 19. Rhe1 Rhe8 20. Be3
Nc5 21. Re2 Nxe4 22. Nxe4 Bd5 23. Nc3 Be6 24. Bd2 Bf6 25. Ne4 Red8 26. Be3
Rxd1+ 27. Kxd1 Rd8+ 28. Rd2 Rxd2+ 29. Kxd2 b5 30. Nd6+ 1/2-1/2

[Event "4NCL Division 4 South"]
[Site "Reading, ENG"]
[Date "2018.01.14"]
[Round "4.24"]
[White "Szymanski, Mark"]
[Black "Makkar, Rajat"]
[Result "0-1"]
[WhiteElo "1920"]
[BlackElo "1722"]
[PlyCount "58"]
[EventDate "2018.01.14"]

1. d4 Nf6 2. c4 c5 3. d5 e6 4. Nc3 exd5 5. cxd5 d6 6. g3 g6 7. Bg2 Bg7 8. Nf3
O-O 9. O-O a6 10. a4 Re8 11. Nd2 Nbd7 12. h3 Rb8 13. Nc4 Ne5 14. Na3 Nh5 15. f4
Nxg3 16. fxe5 Bxe5 17. Rf3 Qh4 18. Be3 Bxh3 19. Bf2 Bg4 20. Bxg3 Bxg3 21. Rxg3
Qxg3 22. Qe1 Qe3+ 23. Kf1 Re5 24. Qf2 Rf5 25. Bf3 Qh6 26. Ne4 Bxf3 27. exf3
Qh1+ 28. Qg1 Qxf3+ 29. Nf2 Qd3+ 0-1

[Event "4NCL Division 4 South"]
[Site "Reading, ENG"]
[Date "2018.01.14"]
[Round "4.25"]
[White "Saidmurodov, Shahjahon"]
[Black "Feavyour, John A"]
[Result "0-1"]
[WhiteElo "1639"]
[BlackElo "1977"]
[PlyCount "112"]
[EventDate "2018.01.14"]

1. d4 Nf6 2. c4 g6 3. Nc3 Bg7 4. Nf3 O-O 5. e3 d6 6. Bd3 c5 7. O-O Nc6 8. d5
Nb4 9. Bb1 e6 10. e4 e5 11. a3 Na6 12. Ne1 Nc7 13. Nd3 Rb8 14. b4 cxb4 15. axb4
a6 16. c5 Nfe8 17. Bb2 f5 18. f4 exf4 19. cxd6 Nxd6 20. e5 Nc4 21. Rxf4 Nxb2
22. Nxb2 Bxe5 23. Rf3 Qd6 24. Nc4 Qf6 25. Nxe5 Qxe5 26. Ba2 Qd6 27. Qf1 Bd7 28.
Rd1 Rbd8 29. Qf2 b6 30. Rd4 Nb5 31. Nxb5 Bxb5 32. Qd2 Rfe8 33. Qb2 Re1+ 34. Kf2
Rf1+ 35. Ke3 Re8+ 36. Kd2 Re2+ 37. Kc3 Rxb2 38. Kxb2 Rxf3 39. gxf3 Qxh2+ 40.
Ka3 Qd6 41. f4 Kg7 42. Bb3 h5 43. Rd1 Qxf4 44. Re1 Bd7 45. Bc4 b5 46. Bb3 a5
47. Rd1 Qxb4+ 48. Ka2 a4 49. Bc2 Qc4+ 50. Kb1 b4 51. d6 b3 52. Bd3 Qc3 53. Rc1
Qxd3+ 54. Ka1 a3 55. Rc2 Qd1+ 56. Rc1 Qxc1# 0-1

[Event "4NCL Division 4 South"]
[Site "Reading, ENG"]
[Date "2018.01.14"]
[Round "4.26"]
[White "Calvert, D Ian"]
[Black "John, Joshua"]
[Result "1-0"]
[WhiteElo "1902"]
[BlackElo "1555"]
[PlyCount "139"]
[EventDate "2018.01.14"]

1. b3 d5 2. Bb2 c5 3. e3 Nc6 4. Bb5 Nf6 5. Nf3 Bg4 6. h3 Bh5 7. g4 Bg6 8. Ne5
Rc8 9. h4 h6 10. Bxc6+ bxc6 11. Nxg6 fxg6 12. d3 Qd6 13. Nd2 e6 14. Qe2 Be7 15.
e4 Qf4 16. f3 Kf7 17. O-O-O a5 18. a4 Rb8 19. Kb1 Nd7 20. Rhe1 Rb6 21. h5 Re8
22. hxg6+ Kxg6 23. Qe3 Bg5 24. Qxf4 Bxf4 25. Bc3 Ra6 26. Nf1 Ne5 27. Bxe5 Bxe5
28. exd5 exd5 29. f4 Kf6 30. fxe5+ Rxe5 31. Rxe5 Kxe5 32. Ng3 Ra7 33. Rf1 Ke6
34. Kc1 Rf7 35. Rxf7 Kxf7 36. Kd2 Kf6 37. Ke3 Kg5 38. Kf3 g6 39. Ne2 h5 40.
gxh5 gxh5 41. Nf4 h4 42. Ne6+ Kf6 43. Nxc5 Ke5 44. Nb7 Kd4 45. Nxa5 Kc5 46.
Nb7+ Kb6 47. Nd6 Kc7 48. Nf5 h3 49. Kg3 Kb6 50. Kxh3 c5 51. Ne3 d4 52. Nc4+ Ka6
53. Kg4 Ka7 54. Kf5 Ka6 55. Ke5 Ka7 56. Kd5 Ka6 57. Kxc5 Kb7 58. Kxd4 Kc6 59.
Ke4 Kc5 60. d4+ Kc6 61. a5 Kb5 62. d5 Kb4 63. d6 Kc3 64. d7 Kxc2 65. d8=Q Kxb3
66. Nd2+ Ka4 67. a6 Kb4 68. a7 Kb5 69. a8=Q Kb4 70. Qda5# 1-0

[Event "4NCL Division 4 South"]
[Site "Reading, ENG"]
[Date "2018.01.14"]
[Round "4.31"]
[White "Hayward, Philip"]
[Black "Dunlop, Neil J"]
[Result "1/2-1/2"]
[WhiteElo "1867"]
[BlackElo "1813"]
[PlyCount "87"]
[EventDate "2018.01.14"]

1. c4 e5 2. g3 Nf6 3. Bg2 d5 4. cxd5 Nxd5 5. Nf3 Nc6 6. O-O Be7 7. d4 exd4 8.
Nxd4 Nxd4 9. Qxd4 Nf6 10. Qa4+ Qd7 11. Qc2 c6 12. Rd1 Qe6 13. Nc3 O-O 14. e4
Rd8 15. Bf4 Bd7 16. a3 Be8 17. b4 Rxd1+ 18. Rxd1 Rd8 19. Rxd8 Bxd8 20. Be3 b6
21. Ne2 Qd7 22. h3 Be7 23. Nf4 Bd6 24. Nd3 Bc7 25. Kh2 h6 26. Qc3 Qe6 27. Bd4
Bd7 28. Ne5 Bxe5 29. Bxe5 Nxe4 30. Bxe4 f6 31. Bxf6 Qxf6 32. Qd2 Qe6 33. Bg2
Be8 34. h4 Qd7 35. Qe3 Bf7 36. Qe5 Bd5 37. Bxd5+ cxd5 38. Qd4 a5 39. Kg2 axb4
40. axb4 b5 41. Kf3 Qc6 42. Ke3 Qc1+ 43. Ke2 Qc4+ 44. Ke3 1/2-1/2

[Event "4NCL Division 4 South"]
[Site "Reading, ENG"]
[Date "2018.01.14"]
[Round "4.32"]
[White "Pigott, Darrell N"]
[Black "Neatherway, A Philip"]
[Result "1/2-1/2"]
[WhiteElo "1862"]
[BlackElo "1800"]
[PlyCount "75"]
[EventDate "2018.01.14"]

1. e4 c5 2. Nc3 e6 3. Nf3 Nc6 4. g3 g6 5. Bg2 Bg7 6. O-O Nge7 7. d3 O-O 8. Bf4
d6 9. Qd2 a6 10. Bh6 Bd7 11. h4 b5 12. h5 b4 13. Ne2 e5 14. Nh2 f6 15. hxg6
hxg6 16. Be3 Rb8 17. f4 Qc7 18. fxe5 fxe5 19. Bg5 Be6 20. Nf3 a5 21. Nh4 Rxf1+
22. Bxf1 Rf8 23. Bg2 Qd7 24. a3 Kh7 25. Nf3 Bg4 26. Rf1 Ng8 27. Be3 Nf6 28.
Ng5+ Kg8 29. Nf3 Nh7 30. Bh6 Bh3 31. Kh2 Bxg2 32. Kxg2 Qg4 33. Bxg7 Kxg7 34.
Nh2 Qe6 35. Rxf8 Nxf8 36. axb4 axb4 37. b3 Nh7 38. Qe3 1/2-1/2

[Event "4NCL Division 4 South"]
[Site "Reading, ENG"]
[Date "2018.01.14"]
[Round "4.33"]
[White "Langham, Rod E"]
[Black "Sloan, Cecil"]
[Result "1/2-1/2"]
[WhiteElo "1685"]
[BlackElo "1614"]
[PlyCount "95"]
[EventDate "2018.01.14"]

1. d4 Nf6 2. Bf4 e6 3. e3 c5 4. c3 cxd4 5. exd4 b6 6. Nd2 Bb7 7. Ngf3 d6 8.
Bb5+ Bc6 9. Qa4 Qd7 10. Bxc6 Qxc6 11. Qxc6+ Nxc6 12. Nc4 Rd8 13. h3 Be7 14. O-O
O-O 15. Rfe1 b5 16. Ncd2 Rd7 17. a3 Nd5 18. Bg3 Nb6 19. Re2 a5 20. Bf4 a4 21.
Rae1 Na5 22. Nf1 Nd5 23. Bc1 Nb3 24. g3 Nxc1 25. Rxc1 Rc7 26. Ne3 Nxe3 27. fxe3
d5 28. e4 dxe4 29. Rxe4 Bd6 30. Kg2 Rd8 31. Re2 Rdc8 32. Rf1 Rd8 33. Ng5 Rcd7
34. Ref2 Rf8 35. h4 h6 36. Nf3 Rfd8 37. Re2 Bc7 38. Ne5 Bxe5 39. Rxe5 Rd5 40.
Rfe1 Kf8 41. g4 Rxe5 42. Rxe5 Rd5 43. Rxd5 exd5 44. Kf3 Ke7 45. Kf4 Kf6 46. Ke3
Kg6 47. Kf4 Kf6 48. Kf3 1/2-1/2

[Event "4NCL Division 4 South"]
[Site "Reading, ENG"]
[Date "2018.01.14"]
[Round "4.34"]
[White "Gogna, Avi"]
[Black "Henbest, Kevin B"]
[Result "1/2-1/2"]
[WhiteElo "1517"]
[BlackElo "1652"]
[PlyCount "46"]
[EventDate "2018.01.14"]

1. d4 Nf6 2. Nf3 g6 3. c4 Bg7 4. g3 d6 5. Bg2 O-O 6. O-O Nbd7 7. Qc2 e5 8. Rd1
exd4 9. Nxd4 a5 10. b3 Nc5 11. Bb2 Re8 12. Nc3 Qe7 13. e3 Nce4 14. Nxe4 Nxe4
15. Bxe4 Qxe4 16. Qxe4 Rxe4 17. Rab1 Bh3 18. Nb5 Bxb2 19. Rxb2 Re7 20. Nc3 Be6
21. Nd5 Bxd5 22. Rxd5 Re5 23. Rxe5 dxe5 1/2-1/2

[Event "4NCL Division 4 South"]
[Site "Reading, ENG"]
[Date "2018.01.14"]
[Round "4.35"]
[White "Burcham, Tony"]
[Black "Gogna, Aman"]
[Result "0-1"]
[WhiteElo "1662"]
[BlackElo "1403"]
[PlyCount "88"]
[EventDate "2018.01.14"]

1. c4 g6 2. g3 Bg7 3. Bg2 e5 4. Nc3 Ne7 5. d3 O-O 6. e4 d6 7. Nge2 Nbc6 8. O-O
Bg4 9. h3 Be6 10. Nd5 h6 11. b4 Nd4 12. Nxd4 exd4 13. Bd2 Nxd5 14. exd5 Bd7 15.
Qb3 c6 16. Kh2 cxd5 17. Bxd5 Bc6 18. Bxc6 bxc6 19. a4 Rb8 20. Qa3 Qf6 21. Kg2
Rfe8 22. Rae1 Bf8 23. Qc1 Qf5 24. Qc2 c5 25. b5 d5 26. f3 h5 27. g4 hxg4 28.
fxg4 Qd7 29. Bf4 Rbc8 30. Bg5 dxc4 31. Qxc4 Qb7+ 32. Kg1 Rxe1 33. Rxe1 Qc7 34.
Kg2 Qb7+ 35. Kg1 Qf3 36. Rf1 Qg3+ 37. Kh1 Qxh3+ 38. Kg1 Qxg4+ 39. Kh1 Qh5+ 40.
Kg2 Qxg5+ 41. Kh1 Rc7 42. a5 Bd6 43. Rf3 Re7 44. Rxf7 Rxf7 0-1

[Event "4NCL Division 4 South"]
[Site "Reading, ENG"]
[Date "2018.01.14"]
[Round "4.41"]
[White "Girdlestone, Paul C"]
[Black "Isaakidis, Alexandros"]
[Result "0-1"]
[WhiteElo "2050"]
[BlackElo "2057"]
[PlyCount "88"]
[EventDate "2018.01.14"]

1. e4 c5 2. Nf3 g6 3. d4 cxd4 4. Nxd4 Bg7 5. Nc3 Nc6 6. Be3 Nf6 7. Be2 O-O 8.
O-O d5 9. exd5 Nxd5 10. Nxd5 Qxd5 11. Bf3 Qc4 12. Be2 Qd5 13. Bf3 Qc4 14. Be2
Qb4 15. Nxc6 bxc6 16. Rb1 Bf5 17. Bf3 Qa4 18. Qe2 Rfd8 19. Bc5 Rac8 20. Rbd1
Bf6 21. g4 Bxc2 22. Rxd8+ Rxd8 23. Bxc6 Qxc6 24. Qxc2 Bxb2 25. Qxb2 Qxc5 26.
Qe2 Rd4 27. Re1 Qd5 28. h3 e6 29. Qe5 Qxe5 30. Rxe5 Ra4 31. Re2 Ra3 32. Kg2 g5
33. f3 Kg7 34. Rf2 Kg6 35. Kg3 h5 36. gxh5+ Kxh5 37. Rc2 f5 38. Re2 e5 39. Kg2
Kh4 40. Rc2 a6 41. Rd2 Rc3 42. Re2 f4 43. Rb2 a5 44. Rd2 a4 0-1

[Event "4NCL Division 4 South"]
[Site "Reading, ENG"]
[Date "2018.01.14"]
[Round "4.42"]
[White "De Coverly, Roger D"]
[Black "Tucker, David S"]
[Result "1/2-1/2"]
[WhiteElo "1969"]
[BlackElo "2080"]
[PlyCount "60"]
[EventDate "2018.01.14"]

1. e4 c5 2. Nf3 Nc6 3. g3 e6 4. d3 d5 5. Nbd2 Nf6 6. Bg2 Be7 7. O-O dxe4 8.
dxe4 e5 9. c3 O-O 10. Qe2 Qc7 11. a4 b6 12. Re1 a5 13. Nc4 Ba6 14. Bg5 h6 15.
Bxf6 Bxf6 16. Nfd2 Rad8 17. Nf1 Ne7 18. Nfe3 Bg5 19. Qc2 Bxe3 20. Nxe3 Bd3 21.
Qc1 c4 22. Nd5 Nxd5 23. exd5 e4 24. Bxe4 Bxe4 25. Rxe4 Rxd5 26. Qf1 Rc8 27. Qe2
Qc6 28. Re1 Qxa4 29. b3 Qd7 30. bxc4 Rd2 1/2-1/2

[Event "4NCL Division 4 South"]
[Site "Reading, ENG"]
[Date "2018.01.14"]
[Round "4.43"]
[White "Rabbitt, Michael"]
[Black "Gregory, Keith D F"]
[Result "1-0"]
[WhiteElo "2052"]
[BlackElo "1989"]
[PlyCount "51"]
[EventDate "2018.01.14"]

1. e4 d6 2. d4 Nf6 3. Nc3 Nbd7 4. f4 e5 5. Nf3 c6 6. a4 Qc7 7. Bc4 Be7 8. O-O
O-O 9. Kh1 Qa5 10. Bd2 Qc7 11. Bb3 exd4 12. Nxd4 Nc5 13. Qf3 Nxb3 14. Nxb3 c5
15. Rae1 Be6 16. h3 Rad8 17. Bc1 a6 18. Nd2 Qc6 19. f5 Bc8 20. Nd5 Rfe8 21. b3
b5 22. axb5 axb5 23. Bb2 Bb7 24. Qg3 Kf8 25. Rf4 Ra8 26. Rh4 1-0

[Event "4NCL Division 4 South"]
[Site "Reading, ENG"]
[Date "2018.01.14"]
[Round "4.44"]
[White "Bellers, Chris J"]
[Black "Richmond, Peter"]
[Result "1/2-1/2"]
[WhiteElo "1984"]
[BlackElo "2089"]
[PlyCount "39"]
[EventDate "2018.01.14"]

1. c4 c6 2. Nf3 d5 3. g3 Bf5 4. Bg2 e6 5. b3 Be7 6. Bb2 Bf6 7. Bxf6 Nxf6 8. d3
h6 9. O-O O-O 10. Nbd2 a5 11. a3 Na6 12. Qc2 Bh7 13. Qb2 Qe7 14. Ne5 Rfc8 15.
Rac1 b5 16. cxb5 cxb5 17. Rxc8+ Rxc8 18. Rc1 Rxc1+ 19. Qxc1 Qc5 20. Qxc5
1/2-1/2

[Event "4NCL Division 4 South"]
[Site "Reading, ENG"]
[Date "2018.01.14"]
[Round "4.45"]
[White "Bourne, Johnathan D"]
[Black "Lovell, William Pm"]
[Result "1-0"]
[WhiteElo "1951"]
[BlackElo "1786"]
[PlyCount "51"]
[EventDate "2018.01.14"]

1. e4 b6 2. Nc3 Bb7 3. Be2 e6 4. Bf3 c5 5. Nge2 d6 6. O-O Nc6 7. d4 Nge7 8. Bg5
cxd4 9. Nxd4 Nxd4 10. Qxd4 Nc6 11. Qd2 Qd7 12. Rad1 Ne5 13. Be2 a6 14. f4 Ng6
15. f5 exf5 16. exf5 Ne5 17. Bf4 Rd8 18. Nd5 Qc6 19. Bf3 Nxf3+ 20. Rxf3 Qxd5
21. Qe2+ Be7 22. Rxd5 Bxd5 23. Re3 Rd7 24. Bxd6 Rxd6 25. Rxe7+ Kd8 26. Qe5 1-0

[Event "4NCL Division 4 South"]
[Site "Reading, ENG"]
[Date "2018.01.14"]
[Round "4.46"]
[White "Smith, Steven J"]
[Black "Shaw, Meyrick"]
[Result "1-0"]
[WhiteElo "1742"]
[BlackElo "1948"]
[PlyCount "121"]
[EventDate "2018.01.14"]

1. d4 Nf6 2. c4 e6 3. Nf3 b6 4. a3 Bb7 5. Nc3 Be7 6. e3 O-O 7. Be2 d5 8. O-O c5
9. dxc5 bxc5 10. b3 Nc6 11. cxd5 exd5 12. Bb2 Rb8 13. Na4 Bd6 14. Rc1 Ne4 15.
Qc2 Qe7 16. Nc3 Ne5 17. Nxe5 Qxe5 18. f4 Qe6 19. Nxe4 Qxe4 20. Qxe4 dxe4 21.
Bc4 Rfd8 22. Rcd1 Bc7 23. Bc3 Kf8 24. Kf2 Bc6 25. Rxd8+ Rxd8 26. Ke2 Ke7 27.
Rd1 Rxd1 28. Kxd1 g5 29. g3 gxf4 30. gxf4 Bd7 31. Kc2 Be6 32. Be2 Bb6 33. b4
cxb4 34. Bxb4+ Kf6 35. Kd2 Bb3 36. Bg4 Kg6 37. Bd7 Bd5 38. Ke2 Bc4+ 39. Kf2 Kf6
40. Bc6 Kf5 41. Bd7+ Be6 42. Bc6 Bd8 43. Bc5 a6 44. Bb7 Bc4 45. Bc8+ Kg6 46.
Kg3 Ba5 47. Kf2 Bc3 48. Bb7 Bd3 49. Be7 Bf6 50. Bxf6 Kxf6 51. Kg3 Ke6 52. Kg4
h6 53. Kh5 Kf5 54. Bc8+ Kf6 55. Kxh6 Be2 56. h4 a5 57. Bb7 Bf3 58. h5 Ke6 59.
Kg5 Ke7 60. h6 Kf8 61. Kf6 1-0

[Event "4NCL Division 4 South"]
[Site "Reading, ENG"]
[Date "2018.01.14"]
[Round "4.51"]
[White "Jamroz, Krzysztof"]
[Black "Wilks, Simon"]
[Result "1/2-1/2"]
[WhiteElo "1951"]
[BlackElo "1989"]
[PlyCount "103"]
[EventDate "2018.01.14"]

1. e4 e6 2. d4 d5 3. Bd3 dxe4 4. Bxe4 Nf6 5. Bf3 c5 6. Ne2 Be7 7. Be3 Nbd7 8.
Nbc3 a6 9. Ne4 Nxe4 10. Bxe4 Nf6 11. Bf3 Qb6 12. O-O O-O 13. dxc5 Bxc5 14. Bxc5
Qxc5 15. Nc3 Qc7 16. Ne4 Nxe4 17. Bxe4 Bd7 18. Qf3 Rab8 19. Rfd1 f5 20. Bd3 Bc6
21. Qe2 Rf6 22. Bc4 Re8 23. Qd3 Qf4 24. Qd4 Qg5 25. Bf1 f4 26. Rd3 Bxg2 27.
Bxg2 f3 28. Rxf3 Rxf3 29. Qd7 Re7 30. Qc8+ Rf8 31. Qc4 Qf6 32. Qc5 Qxb2 33. Re1
Qf6 34. Be4 g6 35. a4 Rc7 36. Qe3 b5 37. Bd3 Kg7 38. axb5 axb5 39. Re2 Qa1+ 40.
Kg2 Qf6 41. Bxb5 Qf4 42. Bd3 Qxe3 43. Rxe3 Kf6 44. f3 Rb8 45. Be4 Rb2 46. Re2
Rc3 47. Kg3 h6 48. h4 Rb1 49. Kh2 Rb4 50. Rg2 g5 51. hxg5+ hxg5 52. Kg1 1/2-1/2

[Event "4NCL Division 4 South"]
[Site "Reading, ENG"]
[Date "2018.01.14"]
[Round "4.52"]
[White "Jones, Tibor"]
[Black "Dias, Savin"]
[Result "1-0"]
[WhiteElo "1853"]
[BlackElo "1721"]
[PlyCount "119"]
[EventDate "2018.01.14"]

1. d4 Nf6 2. c4 e6 3. Nc3 Bb4 4. e3 O-O 5. Nge2 b6 6. a3 Be7 7. Ng3 Bb7 8. e4
d5 9. cxd5 exd5 10. e5 Nfd7 11. Bf4 Re8 12. Bd3 Nf8 13. Qc2 c5 14. Nf5 c4 15.
Be2 Ne6 16. Be3 Bf8 17. Nb5 Bc6 18. Nbd6 Bxd6 19. Nxd6 Re7 20. O-O Qd7 21. Qd2
Na6 22. Bg4 Qd8 23. Rae1 Nac7 24. f4 Ne8 25. Nf5 Rc7 26. Ng3 Nf8 27. f5 Bd7 28.
Bf3 Bb5 29. Rf2 Rac8 30. Ne2 Bc6 31. Bg5 f6 32. Bh4 Qd7 33. e6 Qe7 34. Nc3 Rd8
35. Bg3 Rcc8 36. Bf4 Nd6 37. Qc2 Nb5 38. Nxb5 Bxb5 39. Bd2 a5 40. g4 h6 41. h4
Nh7 42. Qc1 Bc6 43. Rh2 Rf8 44. Kf2 Bb7 45. Qc3 Ra8 46. Bd1 Rac8 47. Rg1 Qd6
48. Qh3 Qe7 49. Bc2 Bc6 50. g5 h5 51. g6 Rfd8 52. gxh7+ Kxh7 53. Qg3 Be8 54.
Rhg2 Rc7 55. Bf4 Rb7 56. Qf3 b5 57. Rg6 Bxg6 58. fxg6+ Kg8 59. Qxh5 Qxe6 60.
Re1 1-0

[Event "4NCL Division 4 South"]
[Site "Reading, ENG"]
[Date "2018.01.14"]
[Round "4.53"]
[White "Jamroz, Viktor"]
[Black "Barr, Gabriel J"]
[Result "0-1"]
[WhiteElo "1684"]
[BlackElo "1838"]
[PlyCount "106"]
[EventDate "2018.01.14"]

1. e4 e6 2. d4 d5 3. Bd3 dxe4 4. Bxe4 Nf6 5. Bf3 c5 6. Ne2 Nc6 7. Be3 e5 8.
Bxc6+ bxc6 9. dxe5 Qxd1+ 10. Kxd1 Ng4 11. Ng3 Nxe5 12. Re1 Be6 13. Nd2 O-O-O
14. Kc1 Ng4 15. Nb3 Nxe3 16. Rxe3 g6 17. f4 Bh6 18. Ne2 Bg4 19. g3 Rhe8 20.
Rxe8 Rxe8 21. Nc3 c4 22. Kd2 cxb3 23. axb3 Kb8 24. h3 Bf5 25. Ra4 Rd8+ 26. Kc1
g5 27. g4 gxf4 28. Ra5 f3+ 29. Kb1 Bg6 30. Ra1 f2 31. Ka2 Bxc2 32. Rf1 Be3 33.
h4 Bd3 34. Nd1 Bxf1 35. Nxe3 Bh3 36. h5 f1=Q 37. Nxf1 Bxf1 38. g5 Rd5 39. g6
Bd3 40. Ka3 fxg6 41. hxg6 hxg6 42. b4 a5 43. b5 cxb5 44. b3 Bc2 45. b4 axb4+
46. Kb2 Rd3 47. Ka2 Rh3 48. Kb2 Bf5 49. Kc1 Rh2 50. Kd1 Rc2 51. Ke1 b3 52. Kd1
b2 53. Ke1 b1=Q# 0-1